|
|
|
|
| LEADER |
01057nam a2200289 a 4500 |
| 001 |
3504250 |
| 008 |
100126s1995 cau b 000 0 eng d |
| 010 |
|
|
|a 95005766
|
| 020 |
|
|
|a 0803958943
|
| 020 |
|
|
|a 0803958951 (pbk.)
|
| 040 |
|
|
|a DLC
|c DLC
|d DLC
|d DB-DhAAL
|
| 082 |
0 |
0 |
|a 300/.723
|2 20
|
| 100 |
1 |
|
|a Holstein, James A.
|
| 245 |
1 |
4 |
|a The active interview /
|c James A. Holstein, Jaber F. Gubrium.
|
| 260 |
|
|
|a Thousand Oaks :
|b SAGE Publications,
|c c1995.
|
| 300 |
|
|
|a vii, 85 p. ;
|c 23 cm.
|
| 490 |
0 |
|
|a Qualitative research methods ;
|v v. 37
|
| 504 |
|
|
|a Includes bibliographical references (p. 81-84).
|
| 541 |
1 |
|
|e 00006551
|
| 650 |
|
0 |
|a Interviewing.
|
| 650 |
|
0 |
|a Social sciences
|x Research
|x Methodology.
|
| 650 |
|
0 |
|a Social sciences
|x Fieldwork.
|
| 650 |
|
0 |
|a Social sciences
|x Language.
|
| 700 |
1 |
|
|a Gubrium, Jaber F.
|
| 852 |
4 |
|
|a Ayesha Abed Library
|j General Shelf.
|
| 999 |
|
|
|c 7203
|d 7203
|
| 952 |
|
|
|0 0
|1 0
|2 ddc
|4 0
|6 300_723000000000000_HOL_1995
|7 0
|9 7495
|a BRACUL
|b BRACUL
|c GEN
|d 2010-01-26
|l 0
|o 300.723 HOL
|p 3010006551
|r 2010-01-26
|t 1
|w 2010-01-26
|y BK
|